| 000 | 00385nam a2200145 i 4500 | ||
|---|---|---|---|
| 001 | 92267 | ||
| 003 | ES-MaACL | ||
| 007 | t| | ||
| 008 | 050224s1975 sp ||||1| spa d | ||
| 245 | 0 | 3 | _aEl Libro negro de Recaldeberri. |
| 250 | _a[1ยช ed]. | ||
| 260 |
_a[Barcelona] : _bDirosa, _c[1975] |
||
| 300 |
_a279 p. : _bil., 1 plan. pleg. ; _c22 cm. |
||
| 852 |
_aES-MaACL _jE-8584 _bR.92788 |
||
| 999 |
_c92267 _d92267 |
||